<?xml version="1.0" encoding="UTF-8"?>
<resp>
  <nextPage>https://data.bn.org.pl/api/networks/bibs.marcxml?marc=001+b0000004322157&amp;sinceId=4322158</nextPage>
  <collection>
    <record xmlns='http://www.loc.gov/MARC21/slim'><leader>02179naa a2200625 i 4500</leader><controlfield tag='001'>b0000004322157</controlfield><controlfield tag='005'>20250227043144.7</controlfield><controlfield tag='008'>050113s2004    pl           |100 0 eng  </controlfield><controlfield tag='009'>9910047479805606</controlfield><datafield ind1=' ' ind2=' ' tag='015'><subfield code='a'>BZCz 2005/3972</subfield></datafield><datafield ind1=' ' ind2=' ' tag='035'><subfield code='a'>991014908919705066</subfield></datafield><datafield ind1=' ' ind2=' ' tag='035'><subfield code='a'>(PL-WaBN)b43221579-48omnis_nlop</subfield></datafield><datafield ind1=' ' ind2=' ' tag='035'><subfield code='a'>b43221579</subfield></datafield><datafield ind1=' ' ind2=' ' tag='035'><subfield code='a'>(OCoLC)998678784</subfield></datafield><datafield ind1=' ' ind2=' ' tag='035'><subfield code='a'>(PL)b0000004322157</subfield></datafield><datafield ind1=' ' ind2=' ' tag='040'><subfield code='a'>WA N</subfield><subfield code='c'>WA N</subfield><subfield code='d'>WA N</subfield></datafield><datafield ind1='0' ind2='0' tag='245'><subfield code='a'>Spatially resolved micro-luminescence from GaN/AlGaN quantum dots /</subfield><subfield code='c'>B. Chwalisz, A. Wysmołek, R. Bożek, R. Stępniewski, K. Pakuła, P. Kossacki, A. Golnik, J.M. Baranowski.</subfield></datafield><datafield ind1=' ' ind2=' ' tag='260'><subfield code='c'>2004.</subfield></datafield><datafield ind1=' ' ind2=' ' tag='336'><subfield code='a'>Tekst</subfield><subfield code='b'>txt</subfield><subfield code='2'>rdacontent</subfield></datafield><datafield ind1=' ' ind2=' ' tag='337'><subfield code='a'>Bez urządzenia pośredniczącego</subfield><subfield code='b'>n</subfield><subfield code='2'>rdamedia</subfield></datafield><datafield ind1=' ' ind2=' ' tag='338'><subfield code='a'>Wolumin</subfield><subfield code='b'>nc</subfield><subfield code='2'>rdacarrier</subfield></datafield><datafield ind1=' ' ind2=' ' tag='380'><subfield code='a'>Artykuły</subfield></datafield><datafield ind1='8' ind2=' ' tag='520'><subfield code='a'>Materiały z &quot;XXXIII International School on Physics of Semiconducting Compounds&quot;, Jaszowiec.</subfield></datafield><datafield ind1=' ' ind2='7' tag='650'><subfield code='a'>Azotek galu</subfield><subfield code='2'>DBN</subfield></datafield><datafield ind1=' ' ind2='7' tag='650'><subfield code='a'>Kropki kwantowe</subfield><subfield code='2'>DBN</subfield></datafield><datafield ind1=' ' ind2='7' tag='650'><subfield code='a'>Luminescencja</subfield><subfield code='2'>DBN</subfield></datafield><datafield ind1=' ' ind2='7' tag='650'><subfield code='a'>Mechanika kwantowa</subfield><subfield code='2'>DBN</subfield></datafield><datafield ind1=' ' ind2='7' tag='650'><subfield code='a'>Półprzewodniki</subfield><subfield code='2'>DBN</subfield></datafield><datafield ind1=' ' ind2=' ' tag='658'><subfield code='a'>Fizyka i astronomia</subfield></datafield><datafield ind1='1' ind2=' ' tag='700'><subfield code='a'>Baranowski, Jacek</subfield><subfield code='d'>(1939- )</subfield></datafield><datafield ind1='1' ind2=' ' tag='700'><subfield code='a'>Wysmołek, Andrzej</subfield></datafield><datafield ind1='1' ind2=' ' tag='700'><subfield code='a'>Stępniewski, Roman</subfield></datafield><datafield ind1='1' ind2=' ' tag='700'><subfield code='a'>Bożek, Rafał</subfield></datafield><datafield ind1='1' ind2=' ' tag='700'><subfield code='a'>Chwalisz, Barbara</subfield></datafield><datafield ind1='1' ind2=' ' tag='700'><subfield code='a'>Golnik, Andrzej</subfield></datafield><datafield ind1='1' ind2=' ' tag='700'><subfield code='a'>Pakuła, K.</subfield></datafield><datafield ind1='1' ind2=' ' tag='700'><subfield code='a'>Kossacki, Piotr</subfield><subfield code='d'>(1970- )</subfield></datafield><datafield ind1='0' ind2=' ' tag='773'><subfield code='i'>W:</subfield><subfield code='t'>Acta Physica Polonica. Seria A, General Physics, Solid State Physics, Applied Physics.</subfield><subfield code='x'>0587-4246.</subfield><subfield code='g'>Vol. 105, nr 6 (2004), s. 517-522</subfield></datafield><datafield ind1=' ' ind2=' ' tag='852'><subfield code='b'>48OMNIS_NLOP</subfield><subfield code='8'>991014908919705066</subfield></datafield><datafield ind1=' ' ind2=' ' tag='852'><subfield code='b'>48OMNIS_UMCS</subfield><subfield code='8'>991009024812707661</subfield></datafield><datafield ind1=' ' ind2=' ' tag='852'><subfield code='b'>48OMNIS_NETWORK</subfield><subfield code='8'>9910047479805606</subfield></datafield></record>
  </collection>
</resp>
